| 000 | 00308 a2200097 4500 | ||
|---|---|---|---|
| 082 | _a620.1126 MCC | ||
| 100 | _aMccabe, Donald E. | ||
| 245 |
_aAn Introduction to the Development and use of the Master Curve Method / _cDonald E. Mccabe |
||
| 260 |
_bASTM International, _c2005 |
||
| 300 |
_avi, 67p. ; _bill. ; _c30 cm |
||
| 650 | _aCurve Method | ||
| 999 |
_c2270 _d2270 |
||